000 00341nam a2200133Ia 4500
008 151001s9999||||xx |||||||||||||| ||und||
100 _aरघुनाथ चव्हाण
245 _aसरनोबत
250 _a7
260 _bनिंबकर आणि मं
260 _c1976
300 _a124
365 _b18
999 _c981533
_d981530